000 01250 a2200253 4500
001 123
005 20260407155413.0
008 260407a2005 arg spa d
003 AR-UNSa-BCEJYS
040 _aAR-UNSa-BCEJYS
_bspa
_cAR-UNSa-BCEJYS
080 _a336.14
_xPresupuesto público. Presupuesto nacional
245 1 0 _aPresupuesto y control
_plas mejores prácticas para América Latina
020 _a978-987-1140-32-9
250 _a1a. ed
264 1 _aBuenos Aires :
_bOsmar D. Buyatti
_c2005
300 _a409 p.
_c23 cm.
505 _a1. Discusión de las teorías centrales - 2. Australia - 3. Canadá - 4. Estados Unidos de América - 5. Nueva Zelanda - 6. Reino Unido - 7. Suecia - 8. Argentina - 9. Brasil - 10. Chile - 11. Colombia - 12. México - 13. La integralidad del presupuesto - 14. Previsibilidad - 15. En pos de resultados - 16. Transparencia - 17. Gobierno electrónico - 18. Control - 19. La economía política del presupuesto
942 _cBK
590 _aniveau_biblio:m niveau_hierar:0
100 1 _aPetrei, Humberto A.
700 1 _aRatner, Gabriel
700 1 _aPetrei, Romeo E.
856 4 1 _uhttps://biblioeco.unsa.edu.ar/pmb/images/libros/Presupuesto y Control(Humberto Petrei).jpg
_yImagen de portada
_qimage/jpeg
999 _c94
_d94